El tambor.

Guardado en:
Formato: Deslizar
Materias:
Etiquetas: Agregar Etiqueta
Sin Etiquetas, Sea el primero en etiquetar este registro!
LEADER 00791ngm a22002295g 4500
001 CEM.cems022332
008 130507b1997##################0###0#####d
005 20241029134955.0
245 0 0 |a El tambor. 
300 |a 29'. 
500 |a En soporte VHS, consultar en ventanilla. 
505 0 |a Batería: técnicas de ejecución de palillos. El tambor grande y el pequeño tambor. Orígenes. Fabricación de tambores. 
538 |a Soporte: VHS - Norma: Pal N - Color: Si - Grabación DRD 1997 - Hitachi=1560 
082 7 8 |/ INF-1 
653 |a MUSICA 
653 |a CULTURA MUSICAL 
653 |a TAMBOR 
653 |a INSTRUMENTOS MUSICALES 
653 |a BATERIA 
653 |a NIVEL PRIMARIO 
653 |a NIVEL SECUNDARIO 
859 |a CEMS  |b BIB. CEMS - Depto. Recursos Didacticos  |h 784  |i INF-1  |k DRD  |p 975.12  |t Ej.1